Uplatnenie metód multikriteriálneho vyhodnocovcania variantov pri diagnostike životného cyklu vybraných podnikov automobilového priemyslu v SR

Metóda normovanej premennej uplatnená na vybraných podnikoch automobilového priemyslu v SR (Volkswagen Slovakia, PCA Slovakia, Kia Motors Slovakia). Metóda vzdialenosti od fiktívneho bodu uplatnená na vybraných podnikoch automobilového priemyslu v SR. Komplexné zhrnutie výsledkov metód multikriteriá...

Descrizione completa

Salvato in:
Dettagli Bibliografici
Autore principale: Brezániová, Mária
Altri autori: Neumannová, Anna
Natura: Capitolo di libro
Lingua:slovacco
Soggetti:
Tags: Aggiungi Tag
Nessun Tag, puoi essere il primo ad aggiungerne!!

MARC

LEADER 00000nla a2200000 4500
001 0186455
005 20240502073201.8
041 0 |a slo 
044 |a SK 
245 1 0 |a Uplatnenie metód multikriteriálneho vyhodnocovcania variantov pri diagnostike životného cyklu vybraných podnikov automobilového priemyslu v SR  |c Mária Brezániová, Anna Neumannová 
520 |a Metóda normovanej premennej uplatnená na vybraných podnikoch automobilového priemyslu v SR (Volkswagen Slovakia, PCA Slovakia, Kia Motors Slovakia). Metóda vzdialenosti od fiktívneho bodu uplatnená na vybraných podnikoch automobilového priemyslu v SR. Komplexné zhrnutie výsledkov metód multikriteriálneho vyhodnocovania variantov uplatnených na vybraných podnikoch automobilového priemyslu v SR. 
610 2 0 |a diagnostika podniková 
610 2 0 |a priemysel automobilový 
610 2 0 |a firmy 
610 2 0 |a Slovensko 
100 1 |a Brezániová, Mária 
700 1 |a Neumannová, Anna